[Event "Europa tch femenino 2005"]
[Site "Gotebörg SWE"]
[Date "2005.08.03"]
[Round "5.8"]
[White "Nill, Jessica"]
[Black "Hernandez, Yudania"]
[Result "1-0"]
[WhiteElo "2323"]
[BlackElo "2234"]
[PlyCount "109"]
[EventDate "2005.07.30"]
[EventType "team"]
[EventRounds "9"]
[EventCountry "SWE"]
[Source "lmi"]
[SourceDate "2005.08.07"]

1. d4 d5 2. c4 c6 3. Nc3 Nf6 4. Nf3 dxc4 5. a4 Bf5 6. Nh4 Bg4 7. h3 Bh5 8. g4
Bg6 9. Nxg6 hxg6 10. e3 e6 11. Bxc4 Bb4 12. Qf3 Nbd7 13. Kf1 Qa5 14. Ne2 Rd8
15. e4 Nb6 16. Bd3 Bd2 17. Kg2 Nbd7 18. e5 Nd5 19. h4 Bxc1 20. Raxc1 a6 21. Be4
N7b6 22. b3 Qb4 23. Rc2 Qe7 24. a5 Nc8 25. g5 Na7 26. Rc4 Nb5 27. Ng3 Rd7 28.
Qg4 Kd8 29. Bf3 Kc7 30. Ne4 f5 31. exf6 gxf6 32. gxf6 Nxf6 33. Qf4+ Nd6 34.
Qxf6 Nxc4 35. Qxe7 Rxe7 36. bxc4 Rd8 37. Rd1 Rh8 38. Kg3 Reh7 39. Ng5 Rxh4 40.
Nxe6+ Kb8 41. Ng5 Kc7 42. Bg2 R4h5 43. f4 Re8 44. d5 cxd5 45. cxd5 Re3+ 46. Bf3
Rh8 47. d6+ Kd7 48. Kf2 Ra3 49. Bg4+ Kc6 50. Nf3 Rxa5 51. Ne5+ Kc5 52. d7 Ra2+
53. Kg3 Ra3+ 54. Nf3 b5 55. Rc1+ 1-0

[Event "Europa tch femenino 2005"]
[Site "Gotebörg SWE"]
[Date "2005.08.03"]
[Round "5.8"]
[White "Mietzner, Tina"]
[Black "Llaneza Vega, Patricia"]
[Result "0-1"]
[WhiteElo "2286"]
[BlackElo "2180"]
[PlyCount "146"]
[EventDate "2005.07.30"]
[EventType "team"]
[EventRounds "9"]
[EventCountry "SWE"]
[Source "lmi"]
[SourceDate "2005.08.07"]

1. e4 c5 2. Nf3 Nc6 3. d4 cxd4 4. Nxd4 Nf6 5. Nc3 e5 6. Ndb5 d6 7. Bg5 a6 8.
Na3 b5 9. Nd5 Be7 10. Bxf6 Bxf6 11. c3 Ne7 12. Nxf6+ gxf6 13. Be2 Bb7 14. Bf3
Qb6 15. O-O Rd8 16. Qe2 d5 17. Rad1 O-O 18. Nc2 dxe4 19. Bxe4 Bxe4 20. Qxe4 Qe6
21. f4 Rxd1 22. Rxd1 Qxa2 23. fxe5 Qe6 24. Nd4 Qxe5 25. Qb1 Ng6 26. Re1 Qd5 27.
Re3 b4 28. Qf1 bxc3 29. bxc3 Qg5 30. Rg3 Qe5 31. Rf3 a5 32. Qc1 Rc8 33. Nf5 Rd8
34. Rf1 Qc5+ 35. Kh1 Qe5 36. Nh6+ Kg7 37. Nf5+ Kh8 38. Nh6 Qe6 39. c4 Rc8 40.
c5 Ne5 41. Qc3 Qc4 42. Qa1 Rxc5 43. h3 Rc6 44. Rd1 Qf4 45. Ng4 Nxg4 46. hxg4
Qxg4 47. Rd8+ Kg7 48. Qa3 Qh5+ 49. Kg1 Qc5+ 50. Qxc5 Rxc5 51. Ra8 Kg6 52. Kh2
h5 53. Ra7 Kf5 54. Rxf7 Ke5 55. g3 a4 56. Ra7 Rc4 57. Ra5+ Kd4 58. Rxh5 Kc3 59.
Rf5 Rc6 60. Kh3 a3 61. Rf3+ Kb2 62. Rf2+ Rc2 63. Rxf6 a2 64. Rb6+ Kc1 65. Ra6
Kb1 66. g4 a1=Q 67. Rxa1+ Kxa1 68. Kh4 Kb2 69. g5 Kc3 70. Kg4 Kd4 71. Kf5 Kd5
72. Kf6 Kd6 73. Kf7 Rf2+ 0-1

[Event "Europa tch femenino 2005"]
[Site "Gotebörg SWE"]
[Date "2005.08.03"]
[Round "5.8"]
[White "Calzetta, Monica"]
[Black "Paehtz, Elisabeth"]
[Result "1-0"]
[WhiteElo "2282"]
[BlackElo "2421"]
[PlyCount "107"]
[EventDate "2005.07.30"]
[EventType "team"]
[EventRounds "9"]
[EventCountry "SWE"]
[Source "lmi"]
[SourceDate "2005.08.07"]

1. e4 c5 2. Nc3 e6 3. f4 Nc6 4. Nf3 a6 5. g3 d6 6. Bg2 Qc7 7. O-O Nf6 8. a4 Be7
9. Kh1 Bd7 10. d4 cxd4 11. Nxd4 Nxd4 12. Qxd4 Bc6 13. Be3 O-O 14. Bf3 Rfe8 15.
Qb6 Qc8 16. Qb3 Bf8 17. a5 Qc7 18. Bb6 Qe7 19. Rae1 Nd7 20. Bg1 Qd8 21. Qa2 Qc7
22. Re2 Rac8 23. Kg2 Be7 24. Bd4 Bd8 25. b4 Be7 26. Qb3 Bf8 27. Rfe1 Qd8 28. h3
Be7 29. Rf2 Qc7 30. Kh2 Bf6 31. Bxf6 Nxf6 32. Rd2 Bd7 33. Re3 Bc6 34. Red3 Red8
35. Bg2 g6 36. Qb2 Qe7 37. Rd4 e5 38. fxe5 Qxe5 39. Nd5 Bxd5 40. exd5 Nh5 41.
Qb3 Re8 42. c4 Qg5 43. h4 Qh6 44. R2d3 Ng7 45. c5 Nf5 46. Rf4 Qg7 47. c6 Rc7
48. b5 axb5 49. Qxb5 Ree7 50. Re4 Qf6 51. Rxe7 Qxe7 52. Qb2 h5 53. Rb3 bxc6 54.
Rb8+ 1-0

[Event "Europa tch femenino 2005"]
[Site "Gotebörg SWE"]
[Date "2005.08.03"]
[Round "5.9"]
[White "Pertlova, Sona"]
[Black "Kruljac, Petra"]
[Result "1-0"]
[WhiteElo "2086"]
[BlackElo "2017"]
[PlyCount "67"]
[EventDate "2005.07.30"]
[EventType "team"]
[EventRounds "9"]
[EventCountry "SWE"]
[Source "lmi"]
[SourceDate "2005.08.07"]

1. e4 e6 2. d4 d5 3. Nd2 Nf6 4. e5 Nfd7 5. c3 c5 6. f4 cxd4 7. cxd4 Nc6 8. Ndf3
a5 9. Bd3 a4 10. Ne2 Nb6 11. a3 Na5 12. O-O g6 13. Nc3 Bd7 14. g4 Nb3 15. Rb1
Bc6 16. f5 gxf5 17. gxf5 Kd7 18. Kh1 h6 19. Bf4 Na5 20. Qe2 Nbc4 21. Ne1 Kc8
22. Qh5 Qd7 23. Nc2 Nb3 24. Rf2 Kb8 25. Qh3 Ka7 26. Be3 Bg7 27. f6 Bf8 28. Bxc4
dxc4+ 29. d5+ Bc5 30. dxc6 Qxc6+ 31. Qg2 Qxg2+ 32. Rxg2 Rhg8 33. Rxg8 Rxg8 34.
Nxa4 1-0

[Event "Europa tch femenino 2005"]
[Site "Gotebörg SWE"]
[Date "2005.08.03"]
[Round "5.9"]
[White "Medic, Mirjana"]
[Black "Jackova, Jana"]
[Result "0-1"]
[WhiteElo "2268"]
[BlackElo "2386"]
[PlyCount "82"]
[EventDate "2005.07.30"]
[EventType "team"]
[EventRounds "9"]
[EventCountry "SWE"]
[Source "lmi"]
[SourceDate "2005.08.07"]

1. d4 Nf6 2. c4 e6 3. Nc3 Bb4 4. Qc2 O-O 5. a3 Bxc3+ 6. Qxc3 b6 7. Bg5 Bb7 8.
f3 h6 9. Bh4 d5 10. e3 Re8 11. Bd3 Nbd7 12. Ne2 c5 13. cxd5 cxd4 14. exd4 Nxd5
15. Bxd8 Nxc3 16. bxc3 Rexd8 17. Kd2 Rac8 18. a4 a5 19. Rhb1 Kf8 20. Rb2 Ke7
21. Ke3 Bd5 22. Bb5 Bc4 23. Bxc4 Rxc4 24. Rb3 Rdc8 25. Kd2 R8c6 26. Nf4 Rd6 27.
Ne2 Nf6 28. Kd3 Rc8 29. c4 Nd7 30. Rc3 Ne5+ 31. Ke4 Nxc4 32. Rac1 Rdc6 33. d5
exd5+ 34. Kxd5 Rd6+ 35. Ke4 Re6+ 36. Kf4 Rxe2 37. Rxc4 Rxc4+ 38. Rxc4 Rxg2 39.
Rc7+ Kd6 40. Rxf7 g5+ 41. Kf5 Rxh2 0-1

[Event "Europa tch femenino 2005"]
[Site "Gotebörg SWE"]
[Date "2005.08.03"]
[Round "5.9"]
[White "Jelica, Mara"]
[Black "Sikorova, Olga"]
[Result "1-0"]
[WhiteElo "2191"]
[BlackElo "2232"]
[PlyCount "109"]
[EventDate "2005.07.30"]
[EventType "team"]
[EventRounds "9"]
[EventCountry "SWE"]
[Source "lmi"]
[SourceDate "2005.08.07"]

1. e4 d5 2. exd5 Nf6 3. d4 Nxd5 4. c4 Nb6 5. Nf3 Bg4 6. Nc3 e6 7. Be2 Nc6 8.
O-O Be7 9. d5 exd5 10. cxd5 Bxf3 11. Bxf3 Ne5 12. Be4 O-O 13. Qc2 Ng6 14. g3
Nd7 15. Be3 Nf6 16. Bg2 a6 17. d6 Qxd6 18. Bxb7 Rab8 19. Bg2 Ng4 20. Ba7 Rbc8
21. Rad1 Qe5 22. Rd5 Qe6 23. h3 Nf6 24. Rdd1 Bd6 25. Rfe1 Qd7 26. Bc5 Rb8 27.
b3 h5 28. h4 Rfd8 29. Ne4 Nxe4 30. Bxe4 Nxh4 31. Bxd6 cxd6 32. gxh4 Qg4+ 33.
Bg2 Qxh4 34. Qe4 Qf6 35. Qf3 Qh6 36. Re7 Rf8 37. Rd7 Rb6 38. Qe3 Qxe3 39. fxe3
Re8 40. Bd5 Rxe3 41. Bxf7+ Kh7 42. Rd5 Re5 43. R7xd6 Rxd5 44. Rxd5 g6 45. Ra5
Rd6 46. Bc4 Rd2 47. Rxa6 g5 48. a4 g4 49. Re6 g3 50. Re2 Rd4 51. Kg2 h4 52. a5
Kg6 53. a6 Rd1 54. a7 Ra1 55. Re6+ 1-0

[Event "Europa tch femenino 2005"]
[Site "Gotebörg SWE"]
[Date "2005.08.03"]
[Round "5.9"]
[White "Cedikova, Katerina"]
[Black "Sargac, Rajna"]
[Result "1-0"]
[WhiteElo "2262"]
[BlackElo "2242"]
[PlyCount "95"]
[EventDate "2005.07.30"]
[EventType "team"]
[EventRounds "9"]
[EventCountry "SWE"]
[Source "lmi"]
[SourceDate "2005.08.07"]

1. d4 e6 2. g3 c5 3. Bg2 cxd4 4. Nf3 e5 5. O-O Nc6 6. c3 dxc3 7. Nxc3 Nf6 8.
Nd5 d6 9. Bg5 Be7 10. Nxe7 Qxe7 11. Nd2 Be6 12. Ne4 d5 13. Bxf6 gxf6 14. Nc3 d4
15. Nd5 Qd8 16. e4 Bxd5 17. exd5 Ne7 18. f4 O-O 19. Qh5 Qd7 20. fxe5 fxe5 21.
Qxe5 Rad8 22. Rad1 Qd6 23. Qxd4 Ng6 24. Rf6 Qd7 25. d6 Qb5 26. Bd5 Rd7 27. Rdf1
Qb6 28. Qxb6 axb6 29. Rxf7 Rdxf7 30. Rxf7 Kh8 31. Rxb7 Rd8 32. d7 Kg7 33. Bc6
Kf6 34. Rxb6 Ke5 35. Ra6 Ne7 36. Ba4 Nd5 37. Ra5 Kd6 38. Kf2 Rb8 39. Ra6+ Ke5
40. Bb3 Nf6 41. Re6+ Kf5 42. Rc6 Nxd7 43. Be6+ Ke4 44. Bxd7 Rxb2+ 45. Kg1 Rxa2
46. Rh6 Rc2 47. Rxh7 Ke5 48. Rf7 1-0

[Event "Europa tch femenino 2005"]
[Site "Gotebörg SWE"]
[Date "2005.08.03"]
[Round "5.10"]
[White "Lalic, Susan"]
[Black "Borsuk, Angela"]
[Result "1-0"]
[WhiteElo "2362"]
[BlackElo "2342"]
[PlyCount "105"]
[EventDate "2005.07.30"]
[EventType "team"]
[EventRounds "9"]
[EventCountry "SWE"]
[Source "lmi"]
[SourceDate "2005.08.07"]

1. e4 d6 2. d4 Nf6 3. Nc3 g6 4. Nf3 Bg7 5. Be3 O-O 6. Qd2 c6 7. Bd3 Ng4 8. Bg5
f6 9. Bh4 b5 10. h3 Nh6 11. a4 b4 12. Nd1 a5 13. Ne3 Nd7 14. g4 Nf7 15. Bg3 Nb6
16. O-O e5 17. c3 c5 18. d5 Bd7 19. b3 bxc3 20. Qxc3 f5 21. gxf5 gxf5 22. Bh4
Bf6 23. Bxf6 Qxf6 24. exf5 Ng5 25. Nxg5 Qxg5+ 26. Kh1 Qf4 27. Rg1+ Kh8 28. Rg2
Qf3 29. Kh2 Bxf5 30. Bxf5 Rxf5 31. Qd2 Qf4+ 32. Kh1 Rh5 33. Rg3 Rg5 34. Rxg5
Qxg5 35. Rg1 Qf4 36. Rg3 Rf8 37. Kg1 Nd7 38. Rg2 Nb6 39. Qxa5 Nc8 40. Qc7 Qh6
41. a5 e4 42. a6 Qf6 43. Qa5 Qe7 44. Qc3+ Qf6 45. Qxf6+ Rxf6 46. Rg4 Rf7 47.
Rxe4 Kg7 48. b4 Nb6 49. bxc5 dxc5 50. Re6 Na4 51. Kg2 c4 52. Nxc4 Nc5 53. Rb6
1-0

[Event "Europa tch femenino 2005"]
[Site "Gotebörg SWE"]
[Date "2005.08.03"]
[Round "5.10"]
[White "Klinova, Masha"]
[Black "Houska, Jovanka"]
[Result "1/2-1/2"]
[WhiteElo "2384"]
[BlackElo "2342"]
[PlyCount "51"]
[EventDate "2005.07.30"]
[EventType "team"]
[EventRounds "9"]
[EventCountry "SWE"]
[Source "lmi"]
[SourceDate "2005.08.07"]

1. e4 e5 2. Nf3 Nc6 3. Bc4 Bc5 4. d3 Nf6 5. O-O O-O 6. Nbd2 d6 7. c3 a6 8. Bb3
Ba7 9. h3 h6 10. Re1 Ne7 11. d4 Ng6 12. a4 Re8 13. a5 Be6 14. Bc2 Bd7 15. Nf1
Nh5 16. Ne3 Nhf4 17. Nf5 exd4 18. cxd4 Ne6 19. Be3 Nef8 20. Qd3 Qf6 21. Nh2 Ne7
22. Ng3 Nc6 23. Rad1 Nb4 24. Qd2 Nxc2 25. Qxc2 Rac8 26. Nf3 1/2-1/2

[Event "Europa tch femenino 2005"]
[Site "Gotebörg SWE"]
[Date "2005.08.03"]
[Round "5.10"]
[White "Igla, Bella"]
[Black "Richards, Heather"]
[Result "1-0"]
[WhiteElo "2299"]
[BlackElo "2150"]
[PlyCount "125"]
[EventDate "2005.07.30"]
[EventType "team"]
[EventRounds "9"]
[EventCountry "SWE"]
[Source "lmi"]
[SourceDate "2005.08.07"]

1. d4 f5 2. g3 Nf6 3. Bg2 g6 4. Nf3 Bg7 5. O-O O-O 6. b4 d6 7. Bb2 Ne4 8. Nbd2
Nxd2 9. Qxd2 c5 10. Qd3 cxb4 11. Qb3+ Kh8 12. Qxb4 Nc6 13. Qb3 e5 14. dxe5 dxe5
15. Ba3 Re8 16. Rad1 Qf6 17. Rd6 Re6 18. Rxe6 Qxe6 19. Rd1 h6 20. Rd6 Qxb3 21.
cxb3 e4 22. Nh4 g5 23. Ng6+ Kh7 24. h4 Nd4 25. Ne7 Nb5 26. Rd8 Nxa3 27. hxg5
hxg5 28. g4 b6 29. Rxc8 Rxc8 30. Nxc8 Nb5 31. gxf5 Nc3 32. Kf1 Be5 33. Nxa7 Kg7
34. a4 Kf6 35. Nc8 Bc7 36. Ke1 Kxf5 37. Kd2 Nd5 38. Na7 Bh2 39. Nb5 Ke5 40. Na3
g4 41. Nc4+ Kf5 42. b4 Nxb4 43. Nxb6 Bg1 44. Nc4 Bxf2 45. Nd6+ Kf4 46. Nxe4 Ba7
47. Nd6 Bc5 48. Nb7 Be3+ 49. Kc3 Na2+ 50. Kc4 Bd2 51. Kd3 Be3 52. a5 Ba7 53.
Kd2 Be3+ 54. Ke1 Nb4 55. Nd8 Kg3 56. Bb7 Kh2 57. Nf7 g3 58. Kf1 Bd4 59. Ng5 Be3
60. Nf3+ Kh1 61. Ne5+ Kh2 62. Ng4+ Kh3 63. Nxe3 1-0

[Event "Europa tch femenino 2005"]
[Site "Gotebörg SWE"]
[Date "2005.08.03"]
[Round "5.11"]
[White "Rozic, Vesna"]
[Black "Frisk, Ellinor"]
[Result "1-0"]
[WhiteElo "2192"]
[BlackElo "1991"]
[PlyCount "81"]
[EventDate "2005.07.30"]
[EventType "team"]
[EventRounds "9"]
[EventCountry "SWE"]
[Source "lmi"]
[SourceDate "2005.08.07"]

1. d4 d5 2. Nf3 Nf6 3. Bf4 c5 4. c3 Qb6 5. Qc1 Nc6 6. e3 Bf5 7. Nbd2 h6 8. h3
e6 9. Be2 Be7 10. O-O O-O 11. Ne5 Nxe5 12. Bxe5 Nd7 13. Bh2 Bd6 14. Nf3 Bxh2+
15. Kxh2 Qd6+ 16. Kg1 c4 17. Nd2 b5 18. Bf3 Nf6 19. Re1 Be4 20. Bxe4 Nxe4 21.
Nxe4 dxe4 22. Qc2 Qd5 23. Qe2 Rfc8 24. Rf1 a5 25. a3 Rc7 26. f3 Rca7 27. fxe4
Qxe4 28. Rf4 Qc6 29. Raf1 Rf8 30. Qh5 Qb6 31. Rg4 Kh7 32. Rf6 Rh8 33. Rxf7 Rxf7
34. Qxf7 Rg8 35. Rg6 Qd8 36. Rxe6 Qh4 37. d5 Rd8 38. Qg6+ Kh8 39. Re8+ Rxe8 40.
Qxe8+ Kh7 41. d6 1-0

[Event "Europa tch femenino 2005"]
[Site "Gotebörg SWE"]
[Date "2005.08.03"]
[Round "5.11"]
[White "Kaps, Darja"]
[Black "Horn, Emilia"]
[Result "1/2-1/2"]
[WhiteElo "2319"]
[BlackElo "2041"]
[PlyCount "100"]
[EventDate "2005.07.30"]
[EventType "team"]
[EventRounds "9"]
[EventCountry "SWE"]
[Source "lmi"]
[SourceDate "2005.08.07"]

1. e4 e5 2. Nf3 Nc6 3. Bc4 Nf6 4. Ng5 d5 5. exd5 Na5 6. Bb5+ Bd7 7. Qe2 Be7 8.
b4 Bxb4 9. Qxe5+ Qe7 10. Bxd7+ Nxd7 11. Qxe7+ Bxe7 12. Ne4 f5 13. Ng3 Bf6 14.
Nc3 g6 15. Rb1 O-O-O 16. Nge2 Rhe8 17. O-O Nb6 18. Rb5 Nac4 19. d3 Nd6 20. Rb3
Nf7 21. Be3 Nxd5 22. Nxd5 Rxd5 23. Rfb1 b6 24. c4 Ra5 25. a3 Be7 26. Ra1 g5 27.
Kf1 Bf6 28. d4 c5 29. Rc1 cxd4 30. Bxd4 Bxd4 31. Nxd4 Rc5 32. Rbc3 Re4 33. Nb3
Rc7 34. c5 b5 35. c6 Ne5 36. Nd2 Ra4 37. Rc5 Nd3 38. Rxf5 Re7 39. Rb1 a6 40.
Rxg5 Rxa3 41. Rg3 Rc3 42. Rg8+ Kc7 43. Ra8 Rxc6 44. Ra7+ Kd6 45. Rxe7 Kxe7 46.
Ke2 Nf4+ 47. Kf3 Ne6 48. Ke4 Rd6 49. Nb3 Kf6 50. f4 Rc6 1/2-1/2

[Event "Europa tch femenino 2005"]
[Site "Gotebörg SWE"]
[Date "2005.08.03"]
[Round "5.11"]
[White "Jiretorn, Eva"]
[Black "Srebrnic, Ana"]
[Result "1/2-1/2"]
[WhiteElo "2134"]
[BlackElo "2289"]
[PlyCount "86"]
[EventDate "2005.07.30"]
[EventType "team"]
[EventRounds "9"]
[EventCountry "SWE"]
[Source "lmi"]
[SourceDate "2005.08.07"]

1. d4 d6 2. c4 e5 3. Nc3 exd4 4. Qxd4 Nc6 5. Qd2 g6 6. b3 Bg7 7. Bb2 Nf6 8. g3
O-O 9. Nh3 Nd7 10. Bg2 Nc5 11. Nf4 a5 12. Nfd5 a4 13. Nb5 Ne6 14. Bxg7 Kxg7 15.
Qc3+ f6 16. Rd1 axb3 17. axb3 Ra2 18. Be4 Re8 19. Bb1 Ned4 20. Nxd4 Nxd4 21.
Rxd4 Raxe2+ 22. Kd1 c6 23. Nf4 Rxf2 24. Nd3 Rf3 25. Rf4 Rxf4 26. Nxf4 Bg4+ 27.
Kc1 Qb6 28. Re1 Re5 29. h3 Bd7 30. h4 Qf2 31. Rxe5 dxe5 32. Nd3 Qxg3 33. Qb4
Qg1+ 34. Kb2 Qd4+ 35. Ka2 Qa7+ 36. Kb2 Qd4+ 37. Ka2 e4 38. Nc5 Bf5 39. Qxb7+
Kh6 40. Qxc6 Qd2+ 41. Ka3 Qc1+ 42. Ka2 Qd2+ 43. Ka3 Qc1+ 1/2-1/2

[Event "Europa tch femenino 2005"]
[Site "Gotebörg SWE"]
[Date "2005.08.03"]
[Round "5.11"]
[White "Hansson, Susanne"]
[Black "Krivec, Jana"]
[Result "0-1"]
[WhiteElo "2110"]
[BlackElo "2270"]
[PlyCount "86"]
[EventDate "2005.07.30"]
[EventType "team"]
[EventRounds "9"]
[EventCountry "SWE"]
[Source "lmi"]
[SourceDate "2005.08.07"]

1. e4 e5 2. f4 Bc5 3. Nf3 d6 4. Nc3 a6 5. Bc4 Nf6 6. d3 Ng4 7. Ng5 O-O 8. f5
Bf2+ 9. Kf1 Ne3+ 10. Bxe3 Bxe3 11. Nxf7 Rxf7 12. Bxf7+ Kxf7 13. Qh5+ Kg8 14.
Nd5 Bb6 15. h4 Qf8 16. Rh3 Be6 17. Nxb6 cxb6 18. Ke2 Bf7 19. Qg5 Nd7 20. Rg3
Kh8 21. Rf1 Nf6 22. Qe3 d5 23. Qxb6 dxe4 24. b3 exd3+ 25. cxd3 Bd5 26. Rc1 Rc8
27. Rc7 Rxc7 28. Qxc7 e4 29. d4 h6 30. Rg6 Qf7 31. Qd6 Bc6 32. g4 Bb5+ 33. Ke1
Kh7 34. g5 hxg5 35. hxg5 Ne8 36. Qe5 Qc7 37. Rd6 Qc1+ 38. Kf2 Qf1+ 39. Kg3 Qf3+
40. Kh4 Qf2+ 41. Kg4 Be2+ 42. Kh3 Bf1+ 43. Kg4 Qf3+ 0-1

[Event "Europa tch femenino 2005"]
[Site "Gotebörg SWE"]
[Date "2005.08.03"]
[Round "5.12"]
[White "Seps, Monika"]
[Black "Topel, Zehra"]
[Result "1-0"]
[WhiteElo "2173"]
[BlackElo "2081"]
[PlyCount "115"]
[EventDate "2005.07.30"]
[EventType "team"]
[EventRounds "9"]
[EventCountry "SWE"]
[Source "lmi"]
[SourceDate "2005.08.07"]

1. e4 c6 2. d4 d5 3. exd5 cxd5 4. c4 Nf6 5. Nc3 e6 6. Nf3 Bb4 7. cxd5 Nxd5 8.
Bd2 Nc6 9. Bd3 Nf6 10. a3 Be7 11. Bg5 h6 12. Be3 a6 13. O-O O-O 14. Rc1 Qd6 15.
Bb1 Rd8 16. Qc2 Bd7 17. Rcd1 Rac8 18. d5 Ne5 19. Nxe5 Qxe5 20. Bd4 Qf5 21. dxe6
fxe6 22. Qb3 Qg5 23. Bxf6 Qxf6 24. Rfe1 b5 25. Ne4 Qf7 26. Nd6 Bxd6 27. Rxd6 e5
28. Qd3 Kf8 29. Rd1 Rc7 30. h3 Rdc8 31. Qd2 Be8 32. Be4 Qf4 33. Qxf4+ exf4 34.
Rxa6 b4 35. axb4 Rc4 36. f3 Rxb4 37. Rd2 Rcb8 38. Ra8 Rxb2 39. Rxb2 Rxb2 40.
Bg6 Re2 41. h4 Re5 42. h5 Re6 43. Kh2 Re5 44. Kh3 Re2 45. Rb8 Re5 46. Kg4 Re2
47. Kxf4 Re1 48. Kf5 Re2 49. g4 Re3 50. f4 Re2 51. Rxe8+ Rxe8 52. Bxe8 Kxe8 53.
Kg6 Kf8 54. f5 Kg8 55. f6 gxf6 56. Kxf6 Kh7 57. Kf7 Kh8 58. Kg6 1-0

[Event "Europa tch femenino 2005"]
[Site "Gotebörg SWE"]
[Date "2005.08.03"]
[Round "5.12"]
[White "Roelli, Corinne"]
[Black "Bayrak, Asli"]
[Result "1/2-1/2"]
[WhiteElo "2001"]
[BlackElo "1967"]
[PlyCount "116"]
[EventDate "2005.07.30"]
[EventType "team"]
[EventRounds "9"]
[EventCountry "SWE"]
[Source "lmi"]
[SourceDate "2005.08.07"]

1. d4 d5 2. c4 c6 3. Nc3 Nf6 4. Nf3 dxc4 5. a4 Bf5 6. e3 e6 7. Bxc4 Bb4 8. O-O
Nbd7 9. Qe2 Bg6 10. Bd2 O-O 11. Rfd1 Qe7 12. Nh4 Rfd8 13. Nxg6 hxg6 14. Bb3 c5
15. d5 exd5 16. Nxd5 Nxd5 17. Bxd5 Nb6 18. Bb3 c4 19. Bc2 Bxd2 20. Rxd2 Qb4 21.
Rxd8+ Rxd8 22. Rd1 Rf8 23. h4 Nxa4 24. h5 Nxb2 25. Rd4 Nd3 26. hxg6 Qe1+ 27.
Qxe1 Nxe1 28. Be4 Nd3 29. Bd5 Ne5 30. gxf7+ Nxf7 31. Rxc4 Rd8 32. e4 Kf8 33.
Rc7 Nd6 34. e5 Nb5 35. Rc5 Nc3 36. Bxb7 Ne2+ 37. Kh2 Nf4 38. g3 Nd3 39. Ra5
Nxf2 40. Kg2 Nd3 41. Kf3 Rd7 42. Be4 Nb2 43. Bd5 Nd3 44. Bc4 Rd4 45. Bxd3 Rxd3+
46. Kf4 Rd7 47. Kf5 Ke7 48. Ra6 Rb7 49. g4 Kf7 50. g5 Kf8 51. e6 Rb5+ 52. Kg6
Rb7 53. Kf5 Rb5+ 54. Kg6 Rb7 55. Kf5 Rc7 56. Kg6 Rb7 57. Kf5 Rb5+ 58. Kg6 Rb7
1/2-1/2

[Event "Europa tch femenino 2005"]
[Site "Gotebörg SWE"]
[Date "2005.08.03"]
[Round "5.12"]
[White "Cinar Corlulu, Nilufer"]
[Black "Wilson, Alexandra"]
[Result "0-1"]
[WhiteElo "2038"]
[BlackElo "2056"]
[PlyCount "98"]
[EventDate "2005.07.30"]
[EventType "team"]
[EventRounds "9"]
[EventCountry "SWE"]
[Source "lmi"]
[SourceDate "2005.08.07"]

1. e4 e6 2. d4 d5 3. Nc3 Nf6 4. Bg5 Bb4 5. e5 h6 6. Bd2 Bxc3 7. bxc3 Ne4 8. Qg4
g6 9. Nf3 c5 10. Bd3 Nxd2 11. Kxd2 Nc6 12. Rhe1 Qa5 13. h4 cxd4 14. Nxd4 Nxd4
15. Qxd4 Bd7 16. Rab1 b6 17. Qb4 Qa4 18. Rb3 Qc6 19. Qf4 Qc5 20. Qf6 Rg8 21.
Re3 Rc8 22. Rf3 Qe7 23. Rb4 Qxf6 24. Rxf6 Rc5 25. a4 Ke7 26. Rbf4 Rg7 27. Rb4
Rg8 28. Rbf4 Rg7 29. Rb4 h5 30. Be2 Rg8 31. g3 Rgc8 32. Rf3 Be8 33. Rbf4 d4 34.
Rxd4 Rxe5 35. Bd3 Rec5 36. Be2 e5 37. Re3 Rd8 38. f4 f6 39. fxe5 fxe5 40. Rxd8
Kxd8 41. Bd3 Ra5 42. Kc1 Ke7 43. Bb5 Bxb5 44. Rxe5+ Kd6 45. Rxb5 Rxb5 46. axb5
Kc5 47. Kb1 Kxb5 48. Ka2 Kc4 49. Kb2 a5 0-1

[Event "Europa tch femenino 2005"]
[Site "Gotebörg SWE"]
[Date "2005.08.03"]
[Round "5.13"]
[White "Sommer, Sonja"]
[Black "Gretarsdottir, Lilja"]
[Result "0-1"]
[WhiteElo "2053"]
[BlackElo "2046"]
[PlyCount "55"]
[EventDate "2005.07.30"]
[EventType "team"]
[EventRounds "9"]
[EventCountry "SWE"]
[Source "lmi"]
[SourceDate "2005.08.07"]

1. e4 c5 2. c3 d5 3. exd5 Qxd5 4. d4 Nf6 5. Nf3 e6 6. Be3 cxd4 7. cxd4 Bb4+ 8.
Nc3 O-O 9. Bd3 b6 10. O-O Bxc3 11. bxc3 Ba6 12. Bxa6 Nxa6 13. Qa4 Nb8 14. c4
Qd6 15. Ne5 Rc8 16. f4 Nfd7 17. Rac1 Nc6 18. Nf3 Rc7 19. Rfd1 Ne7 20. c5 Qd5
21. cxb6 Nxb6 22. Qa6 Rac8 23. Rb1 Nf5 24. Bc1 h5 25. a4 Qa2 26. Qb5 Nxa4 27.
h3 Nc3 28. Qe5 0-1

[Event "Europa tch femenino 2005"]
[Site "Gotebörg SWE"]
[Date "2005.08.03"]
[Round "5.13"]
[White "Fridthjofsdottir, Sigurl  Regin"]
[Black "Nagy, Laura"]
[Result "1-0"]
[WhiteElo "1963"]
[BlackElo "1933"]
[PlyCount "71"]
[EventDate "2005.07.30"]
[EventType "team"]
[EventRounds "9"]
[EventCountry "SWE"]
[Source "lmi"]
[SourceDate "2005.08.07"]

1. e4 e5 2. Nf3 Nc6 3. Bb5 a6 4. Ba4 Nf6 5. O-O Be7 6. Re1 b5 7. Bb3 O-O 8. c3
d6 9. h3 Na5 10. Bc2 c5 11. d4 Qc7 12. Nbd2 cxd4 13. cxd4 Bd7 14. Nf1 Rac8 15.
Ne3 Rfe8 16. Bd2 Nc6 17. dxe5 dxe5 18. Rc1 Qa7 19. Bb1 Bc5 20. Qe2 Nd4 21. Nxd4
Bxd4 22. Rxc8 Rxc8 23. b3 Bc6 24. Nf5 Bc5 25. Bg5 Ne8 26. Ne3 f6 27. Bh4 Nd6
28. f3 Bd7 29. Kh1 Be6 30. Nd5 Bd4 31. Ne3 Rc3 32. Nc2 Bb6 33. Qd2 Qc7 34. Rd1
Nb7 35. Be1 Qc8 36. Qxc3 1-0

[Event "Europa tch femenino 2005"]
[Site "Gotebörg SWE"]
[Date "2005.08.04"]
[Round "6.1"]
[White "Radziewicz, Iweta"]
[Black "Kosintseva, Nadezhda"]
[Result "1-0"]
[WhiteElo "2447"]
[BlackElo "2490"]
[PlyCount "137"]
[EventDate "2005.07.30"]
[EventType "team"]
[EventRounds "9"]
[EventCountry "SWE"]
[Source "lmi"]
[SourceDate "2005.08.07"]

1. c4 Nf6 2. Nc3 e6 3. e4 d5 4. e5 d4 5. exf6 dxc3 6. bxc3 Qxf6 7. d4 e5 8. Nf3
exd4 9. Bg5 Qe6+ 10. Be2 Be7 11. cxd4 Bxg5 12. Nxg5 Qe7 13. Qd2 Nc6 14. d5 Ne5
15. O-O O-O 16. f4 Nd7 17. Bd3 Nf6 18. Rae1 Qc5+ 19. Qf2 Qxf2+ 20. Kxf2 Bd7 21.
Re7 Rad8 22. Rfe1 h6 23. Ne4 Nxe4+ 24. R1xe4 c6 25. Re3 cxd5 26. cxd5 Bc8 27.
Bc4 b5 28. Bb3 a5 29. a3 a4 30. Ba2 Rd7 31. h3 g6 32. Rxd7 Bxd7 33. Rc3 Rd8 34.
Rc7 Kf8 35. Ke3 Re8+ 36. Kd4 Re2 37. Rxd7 Rxa2 38. Rb7 Rxa3 39. Rxb5 Ke7 40.
Rb7+ Kf6 41. g4 Rxh3 42. Rb6+ Ke7 43. Rb7+ Kf6 44. Rb6+ Ke7 45. f5 gxf5 46.
gxf5 a3 47. d6+ Kd7 48. Ke5 Re3+ 49. Kf6 a2 50. Ra6 Re2 51. Kxf7 h5 52. Kg6 h4
53. f6 Rg2+ 54. Kf5 h3 55. f7 Rf2+ 56. Kg4 h2 57. Rxa2 h1=Q 58. Rxf2 Qg1+ 59.
Kf3 Qg7 60. Ke2 Qf8 61. Rf6 Kc6 62. Kf3 Kd7 63. Kf4 Kc6 64. Kf5 Kd7 65. Kg6 Kc6
66. Kf5 Kd7 67. Ke5 Kc8 68. Ke6 Kd8 69. Rg6 1-0

[Event "Europa tch femenino 2005"]
[Site "Gotebörg SWE"]
[Date "2005.08.04"]
[Round "6.1"]
[White "Kovalevskaya, Ekaterina"]
[Black "Socko, Monika"]
[Result "0-1"]
[WhiteElo "2471"]
[BlackElo "2465"]
[PlyCount "78"]
[EventDate "2005.07.30"]
[EventType "team"]
[EventRounds "9"]
[EventCountry "SWE"]
[Source "lmi"]
[SourceDate "2005.08.07"]

1. Nf3 Nf6 2. g3 g6 3. Bg2 Bg7 4. c4 d6 5. d4 O-O 6. O-O a6 7. Nc3 Nc6 8. d5
Na5 9. Nd2 c5 10. Qc2 Bf5 11. e4 Bd7 12. b3 Rb8 13. Bb2 b5 14. Rab1 e5 15. Nd1
Bh6 16. f4 exf4 17. gxf4 bxc4 18. Nxc4 Nxc4 19. bxc4 Nh5 20. f5 Qh4 21. Bf3 f6
22. Bc1 Bxc1 23. Rxc1 Nf4 24. Kh1 Rfe8 25. fxg6 Nxg6 26. Ne3 Bh3 27. Rf2 Re5
28. Rg1 Rg5 29. Bg2 Nf4 30. Nf5 Bxf5 31. exf5 Kh8 32. Rgf1 Nh5 33. Re1 Rbg8 34.
Rb1 Ng3+ 35. Kg1 Nxf5 36. Qb2 R5g6 37. Qc3 Qe4 38. Rbb2 Ne3 39. Kh1 Nxg2 0-1